000 00346nam a2200109Ia 4500
008 160609s9999 xx 000 0 und d
100 _aBatty, Craig.
245 _aScreenplays: How To Write And Sell Them (creative Essentials)
245 _cBy:Craig Batty
260 _c2013
856 _uhttp://file.ebook777.com/008/ScrHowToWriAndSelThe(crEss.pdf
999 _c295667
_d295667